00667 2200241 4500001002100000005001500021035002000036007000300056008004100059245005300100250001400153300005200167264003100219336002100250337002100271338002300292020002200315082001000337084001400347260003800361650001000399990001600409INLIS00000000000029620221027012450 a0010-1022000038ta221027 b h ind  aprincess academy: guru baru /ccitra mustikawati aCetakan 1 a83 halaman :bilustrasi tidak berwarna ;c21 cm aJakarta :bErlangga,c2008 2rdacontentaTeks 2rdamediaaKertas 2rdacarrieraVolume a978-602-367-814-3 a741.5 a741.5 PRI aBandung :bMuffin Graphics,c2020 4aKomik a00000000394